| 000 | 00945nam a2200217Ia 4500 | ||
|---|---|---|---|
| 003 | OSt | ||
| 005 | 20260623093736.0 | ||
| 008 | 210210b2004 xxu||||| |||| 00| 0 eng d | ||
| 020 | _a81 88478 09 01 | ||
| 040 | _cAL | ||
| 041 | _aKannada | ||
| 082 | _a792.028092K RANG | ||
| 100 |
_aManohara Grantha Mala _dಮನೋಹರ ಗ್ರಂಥ ಮಾಲಾ _9265897 |
||
| 245 |
_aRANGAKARMI B V Karanth. _bರಂಗಕರ್ಮಿ ಬಿ.ವಿ. ಕಾರಂತ |
||
| 260 |
_aDharwad _bManohara Grantha Mala _c2004 |
||
| 300 | _avi,182 | ||
| 650 |
_aಭಾರತೀಯ ರಂಗಭೂಮಿ ಮತ್ತು ಸಿನಿಮಾ ರಂಗದಲ್ಲಿ ಹೊಸ ಅಲೆಯನ್ನು ಸೃಷ್ಟಿಸಿದ ಬಿ.ವಿ. ಕಾರಂತ (ಬಾಬುಕೋಡಿ ವೆಂಕಟರಮಣ ಕಾರಂತ)ರ ಜೀವನ ಮತ್ತು ಸಾಧನೆ. _9265898 |
||
| 690 |
_aBiography _9265899 |
||
| 906 | _a059010 | ||
| 942 |
_2ddc _cBK |
||
| 999 |
_c106334 _d106334 |
||